| 000 | 00736nam a2200277Ia 4500 | ||
|---|---|---|---|
| 001 | Para_6469 | ||
| 003 | CHAP | ||
| 008 | 220125s1943 xx 000 0 und d | ||
| 010 | _a205327 | ||
| 040 | _cCHAP | ||
| 082 | _aPA 628.7 E47 1943 | ||
| 100 |
_aEhlers, Victor M. _935775 |
||
| 245 |
_aMunicipal and rural sanitation / _c by Victor M. Ehlers and Ernest W. Steel |
||
| 250 | _a3 | ||
| 260 |
_aNew York : _b McGraw-Hill |
||
| 300 | _a449 p. | ||
| 650 |
_aEnergĂa Sanitaria _9171347 |
||
| 700 |
_aSteel, Ernest W. _9171348 |
||
| 901 | _aPA 628.7 E47 1943 | ||
| 902 | _aA | ||
| 905 | _a0000001943 a 0000000000 00 | ||
| 910 | _a1943 | ||
| 942 | _cPARA | ||
| 942 |
_cPARA _d1 |
||
| 999 |
_c205327 _d205327 |
||